000
00281nam a2200109Ia 4500
008
190216s9999||||xx |||||||||||||| ||und||
100
_a
Roy Dasguptha&Amp;Roy
245
0
_a
Principles Of Political Science
260
_b
Magmillan &co Ltd
650
_a
Political Science
942
_c
BK
999
_c
34739
_d
34739